000
00283nam a22001337a 4500
008
181221b xxu||||| |||| 00| 0 eng d
020
_a
9781891487262
041
_a
eng
080
_a
316
100
_a
50
101
_a
SOC
245
_a
Social Theory
_c
Kivista, P
942
_2
udc
_c
BK
999
_c
53598
_d
53598